Second child / John Saul.
One hundred years ago, in the beautiful village of Secret Cove, Maine, on the night of the annual August Moon Ball, a shy and lovely servant girl committed an act so unspeakably violent that its legacy still lives. Now, the blood-drenched past of this small town is about to come to life once more--just in time for this year's August Moon Ball.
Record details
- ISBN: 9780553287301
- ISBN: 0553287303
- ISBN: 9780553403220
- ISBN: 0553403222
- ISBN: 0553058770
- ISBN: 9780553058772
- Physical Description: 355 pages ; 18 cm
- Publisher: New York : Bantam Books, 1991, ©1990.
Search for related items by subject
| Subject: | Cities and towns > Fiction. Teenage girls > Fiction. Horror tales. Maine > Fiction. |
| Genre: | Paranormal fiction. Horror fiction. |
| LDR | 01556cam a2200397Ia 4500 | ||
|---|---|---|---|
| 001 | 143777 | ||
| 003 | CONS | ||
| 005 | 20170815071415.0 | ||
| 008 | 910618t19911990nyu 000 1 eng d | ||
| 010 | . | ‡a 89077149 | |
| 020 | . | ‡a9780553287301 ‡q(pbk.) | |
| 020 | . | ‡a0553287303 ‡q(pbk.) | |
| 020 | . | ‡a9780553403220 ‡q(pbk.) | |
| 020 | . | ‡a0553403222 ‡q(pbk.) | |
| 020 | . | ‡a0553058770 ‡q(hardback) | |
| 020 | . | ‡a9780553058772 ‡q(hardback) | |
| 035 | . | ‡a(CPomAG)LMN600420 | |
| 043 | . | ‡an-us-me | |
| 050 | 1 | 4. | ‡aPS3569.A787 ‡bS4 1991x |
| 082 | 0 | 4. | ‡a813.54 ‡aFic ‡220 |
| 100 | 1 | . | ‡aSaul, John. |
| 245 | 1 | 0. | ‡aSecond child / ‡cJohn Saul. |
| 260 | . | ‡aNew York : ‡bBantam Books, ‡c1991, ©1990. | |
| 300 | . | ‡a355 pages ; ‡c18 cm | |
| 336 | . | ‡atext ‡btxt ‡2rdacontent | |
| 337 | . | ‡aunmediated ‡bn ‡2rdamedia | |
| 338 | . | ‡avolume ‡bnc ‡2rdacarrier | |
| 520 | . | ‡aOne hundred years ago, in the beautiful village of Secret Cove, Maine, on the night of the annual August Moon Ball, a shy and lovely servant girl committed an act so unspeakably violent that its legacy still lives. Now, the blood-drenched past of this small town is about to come to life once more--just in time for this year's August Moon Ball. | |
| 650 | 0. | ‡aCities and towns ‡vFiction. | |
| 650 | 0. | ‡aTeenage girls ‡vFiction. | |
| 650 | 0. | ‡aHorror tales. | |
| 651 | 0. | ‡aMaine ‡vFiction. | |
| 655 | 7. | ‡aParanormal fiction. ‡2lcgft | |
| 655 | 7. | ‡aHorror fiction. ‡2gsafd | |
| 959 | . | ‡i32269001031379 ‡lPB F Sau ‡aAdult - Fiction ‡tFiction ‡g9.00 | |
| 852 | . | ‡p32269001031379 ‡jPB F Sau ‡gAdult - Fiction ‡cFiction ‡y9.00 ‡bSBPL | |
| 901 | . | ‡a143777 ‡bUnknown ‡c143777 ‡tbiblio | |